| 000 | 00750cam a2200229 a 4500 | ||
|---|---|---|---|
| 001 | 3945210 | ||
| 005 | 20250129002505.0 | ||
| 008 | 940114s1994 maua b 001 0 eng c | ||
| 020 | _a067469533X | ||
| 040 |
_aDLC/MoSU-L _cMoSU-L _dDLC |
||
| 082 | 0 | 0 |
_a304.6 _26886 _bSEN |
| 100 | _aSen, G | ||
| 100 | _aSnow, R. C | ||
| 245 | 0 | 0 |
_aPower and Decision: _bThe Social Control of Reproduction |
| 260 |
_aMassachusetts _bHarvard Center for Population and Development Studies, Dept. of Population and International Health, Harvard School of Public Health : _bDistributed by Harvard University Press, _c1994. |
||
| 300 | _aii, 348 p., | ||
| 650 | 0 | _aBirth control | |
| 650 | 0 | _aWomen | |
| 650 | 0 | _aAbortion | |
| 650 | 0 | _aHuman reproduction | |
| 942 | _cL | ||
| 999 |
_c5966 _d5966 |
||